MDQL
is popping MORE tags! Check the
thread
!
Quizzes
Events
Quiz Creation
Community
Videos
Private Events
Remove Ads
Sign In
Join for FREE
Feedback
Dark Mode
Quiz Categories
Sports
Geography
Music
Movies
Television
Just For Fun
Miscellaneous
History
Literature
Language
Science
Gaming
Entertainment
Religion
Holiday
For Kids
Quiz Lab
Recent
Popular Today
Quiz Kudos Today
Editor Picks
Curator Picks
Quizzes by...
Day
Popularity
Type
Ratings
Length
Year
Community
Subscriptions
Recent Discussions
Orange Saloon
Badges
Playlists
Quests
Create
Leaderboards
Showdown
Live 5
Trivia Bingo
Activity
Puzzle Library
Sporcle Events
Private Events
Virtual Trivia
Globe League
Become a Host
Pub Owners
SporcleCon
Opinionation
Our Games
Videos
Blog
Mobile Apps
Partnerships
Remove Ads and Go Orange
Feedback
Sports
Athletes
MLB
NBA
NHL
NFL
Soccer
Sports Teams
WWE
NCAA
Football
Premier League
Basketball
Baseball
Hockey
Golf
Tennis
Cricket
Rugby
Auto Racing
Olympics
World Cup
Sports
Athletes
MLB
NBA
NHL
NFL
Soccer
Sports Teams
WWE
NCAA
Football
Premier League
Basketball
Baseball
Hockey
Golf
Tennis
Cricket
Rugby
Auto Racing
Olympics
World Cup
Random Quiz
Search Sporcle
×
Quiz Lab
Quiz Lab
Sports
MLB
Type in answers that appear in a list
Type in answers that appear in a list
Classic
Best Score? Go Orange.
MLB Players with +.330 Lifetime Batting Average Stats
Can you name the MLB Players with .330 Lifetime Batting Average?
By
nyynkeh8r
7m
27 Questions
491 Plays
491 Plays
491 Plays
Comments
Comments
Give Quiz Kudos
Give Quiz Kudos
-
- Ratings
hide this ad
Replay
Link that replays current quiz
Next Quiz
Link to next quiz in quiz playlist
You Got
0%
They Got
Avg Score
59%
Avg Friend Score
Upgrade to see
Score Distribution
Jump to the score distribution portion of the page
Score
0/27
Timer
07:00
0
Plays Today
Batting Average
Player
% Correct
.366
Ty Cobb
98.8%
.331
Albert Pujols
95.1%
.344
Ted Williams
94.5%
.331
Ichiro Suzuki
94.1%
.342
Babe Ruth
92.9%
.331
Stan Musial
91%
.340
Lou Gehrig
90.8%
.338
Tony Gwynn
89.8%
.359
Rogers Hornsby
78.4%
.333
Cap Anson
71.5%
.345
Tris Speaker
71.3%
.338
Nap Lajoie
67.8%
.356
Joe Jackson
67.6%
.340
George Sisler
55.4%
Batting Average
Player
% Correct
.333
Eddie Collins
54%
.333
Paul Waner
53.6%
.334
Al Simmons
45.8%
.346
Ed Delahanty
43%
.341
Bill Terry
43%
.341
Willie Keeler
40.3%
.342
Harry Heilmann
38.3%
.342
Dan Brouthers
29.3%
.344
Billy Hamilton
29.1%
.338
Jesse Burkett
20.4%
.331
Sam Thompson
18.1%
.336
Riggs Stephenson
10.8%
.341
Pete Browning
10.6%
Quiz Playlist
Details
Report
Send in Message
Add To Playlist
Classic:
Type in answers that appear in a list
Last Updated: Feb 16, 2017
Quiz Scoreboard
CHALLENGE
Sign Up to Join the Scoreboard
Show All
Scores
Hide
Comments
May contain spoilers
Recently Published
Holiday 10x10 Sorting Gallery
by lukepisani3
Holiday
15m
Two Season TV Shows II
by 123Four
Television
10m
Image Sorting: Flags VI
by Barbecue
Geography
2m
More to Explore
Quiz From the Vault
Featured Blog Post
14 Easter Pick-up Lines to Find Eggs With
hide this ad
You Might Also Like...
Tags
Baseball Quiz
MLB Quiz
Average
Batting
Batting Average
Career
lifetime
Player
team
Today's Top Quizzes in Sports
Browse Sports
hide this ad
Today's Top Quizzes in MLB
Browse MLB
Top Contributed Quizzes in Sports
1
Les meilleurs buteurs des matchs entre le PSG et l’OM
2
Les entraîneurs de l'OM et du PSG au 21e siècle
3
2022 World Cup Stars
4
Les joueurs passés par le PSG et l'OM
5
Players with Multiple 50 Home Run Seasons
6
FIFA Club World Cup Champions
7
Criteria MLB: Left Handed Sluggers
8
Les joueurs passés par le LOSC et le RC Lens
9
Top 10 NHL Goal Scorers of All Time
10
NBA Logic Puzzle 2.0
Explore More
Trending Topics
Kpop
Anime
Crossword
NBA
Disney
Marvel
Harry Potter
The Office
WWE
Soccer
Country
Pokémon
Puzzle
NFL
Song
hide this ad
More By:
nyynkeh8r
Quiz
Plays
Rating
Category
Featured
Created
Quarterbacks with 3+ Super Bowl Starts
54,381
4.64
Sports
Jan 27, 2012
LCS and World Series MVP in Same Year
31,983
4.37
Sports
Nov 1, 2011
10 or More Gold Gloves
15,878
5.00
Sports
Feb 26, 2011
Current MLB Players with 2000+ Games Played
1,618
3.09
Sports
Dec 2, 2011
MLB League Leader in HR, 3+ Consecutive Seasons
520
3.00
Sports
Jun 8, 2012
Go to Creator's Profile
Score Distribution
Quiz Creator Spotlight
nyynkeh8r
Follow
Send a Message
Quizzes Created
-
Created Quiz Play Count
-
More By This Creator
Popular Quizzes Today
1
Find the US States - No Outlines Minefield
2
Colored Red Africa Blitz
3
Find the 'City' Movie
4
The Countries of the World
5
5x2 Blitz: Bands
6
Find the Countries of Europe - No Outlines Minefield
7
Find the US States
8
US States
More Sports Quizzes
2003 NBA Champions - San Antonio Spurs
Quiz Lab
Trending Quizzes
Colored Red Europe Blitz I
Colored Red Africa Blitz II
Colored Red Europe Blitz II
Even More Two Season TV Shows
Colored Red Africa Blitz III
Recently Updated
Quick Pick: 20 Twenties
pecheneg
March Madness Men's Triple Doubles
pecheneg
How Do You Spell That?
pecheneg
Godzilla Movies
pecheneg
Grab Bag: 4-10 Letters
pecheneg
2024 March Madness Bracket
pecheneg
Famous TV Couples
Peacemaker
Champions League XIs: Real Madrid
pecheneg
Largest US Cities 1790-2010
pecheneg
Rides in Walt Disney World
pecheneg
Trending Topics
Harry Potter
Anime
Marvel
Crossword
Kpop
NBA
Disney
Country
Pokémon
Puzzle
NFL
Soccer
WWE
The Office
Song
Your Account Isn't Verified!
In order to create a playlist on Sporcle, you need to verify the email address you used during registration. Go to your
Sporcle Settings
to finish the process.
Report this User
Report this user for behavior that violates our
Community Guidelines
.
Details:
Send Report
Go to the Sporcle.com Mobile Site →
Comments